000 00655nam a22002057a 4500
005 20251108164050.0
008 250721s1997 xx 000 0 ara d
082 1 4 _a152.3/بيز
100 1 _aبيز، آلن
245 1 0 _aلغة الجسد :
_bكيف تقرأ أفكار الآخرين من خلال إيماءاتهم /
250 _aط2
264 1 _aبيروت :
_bدار الآفاق الجديدة،
_c1997.
300 _a205ص
650 1 7 _aعلم النفس الفسيولوجي
650 1 7 _aالتحليل النفسي
650 1 7 _aالإيماء
700 1 _aشيخاني، سمير
_eترجمة
942 _2ddc
_cBK
999 _c2731
_d2731